000 01620nam0a2200349 4500
001 RU\NLR\BIBL_A\011321694
005 20260405184524.0
010 _a5-06-003452-6
010 _a5-7695-0199-5
_99000
035 _a(NLR Aleph) 011321694
090 _a11082113
_c11082113
100 _a20170207d1997 |||y0rusy50 ca
101 0 _arus
102 _aRU
105 _aa|||g|||000zy
200 1 _aСправочник газосварщика и газорезчика
_fН.И. Никифоров, С.П. Нешумова, И.А. Антонов
205 _a2-е изд., испр.
210 _aМосква
_cВысшая школа
_cИздательский центр "Академия"
_d1997
215 _a239 с.
_cил.
_d20
225 1 _aПрофессия
320 _aБиблиогр.: с. 237
606 _aГазовая сварка
_jСправочники
_91068413
_3RU\NLR\AUTH\6697260
606 _aГазовая резка
_jСправочники
_91068412
_3RU\NLR\AUTH\6697258
686 1 _aК641.3я22
700 1 _7ca
_8rus
_aНикифоров
_bН. И.
_cд-р техн. наук, газопламенная обработка металлов
_gНиколай Иванович
_963907
_3RU\NLR\AUTH\7780979
701 1 _aНешумова
_bС. П.
_gСветлана Петровна
701 1 _7ca
_8rus
_aАнтонов
_bИ. А.
_cканд. техн. наук
_gИгорь Александрович
_9169280
_3RU\NLR\AUTH\770169330
852 _aNLR
_j98-3/9632
942 _cBOOK
980 _aNB